000 00399nam a2200157Ia 4500
005 20250224155239.0
008 231217s9999 xx 000 0 und d
020 _a8178813505
082 _a658.827 GOP;1 R
100 _aGopalakrishnan, P S ed.
245 0 _aRebranding : an introduction
260 _c2007
_bICFAI Press
_aHyderabad
300 _ax, 208
650 _aRebranding
942 _cAA
999 _c191183
_d191183